000 00699cam a2200217 a 4500
001 sa 65005188
003 DLC
005 20260227112136.0
008 860205m19439999ii c 000 0cbeno
010 _asa 65005188
040 _aDLC
_cDLC
_dDLC
050 0 0 _aPK1704
_b.S35
245 0 0 _aSāhitya-sādhaka-caritamālā.
260 _a[Kalikātā] :
_bBaṅgīẏa-Sāhitya-Parishat̲,
_c1943-<1977 >
300 _av. <1-9, 12> :
_bports. ;
_c19 cm.
500 _aIn Bengali.
500 _aEdited by Brajendranātha Bandyopādhyāẏa and others.
650 0 _aAuthors, Bengali
_vBiography.
700 1 _aBanerjee, Brajendra Nath.
710 2 _aBaṅgīẏa-Sāhitya-Parishat̲ (Kolkata, India)
999 _c64173
_d64173